LDR 00755naa#a2200169#i#450# 001 EN\\bibl\19753 005 20260603055619.3 100 ## _a20260601b2026####ek#y0engy0150####ca 102 ## _aRU 200 1# _aSANITARY PROTECTIVE ZONES IN THE CONTEXT OF COMPLEX POLLUTION OF THE URBAN ENVIRONMENT: PROBLEMS OF EFFECTIVENESS AND WAYS OF SYSTEMIC OPTIMIZATION _eConference article/thesis 210 1# _aVoronezh _cFSBE Institution of Higher Education Voronezh State University of Forestry and Technologies named after G.F. Morozov _d2026 215 ## _a5 с. 608 ## _aConference article/thesis _2local 675 ## _aУсловия существования растений. 630.181 _z 700 #1 _aKartashov _gE. K. 700 #1 _aKartashova _gNelli Pavlovna 856 4# _abibl.vgltu.ru _u